Business to business marketing management : a global perspective

Saved in:
Bibliographic Details
Main Authors Zimmerman, Alan S., 1942- (Author), Blythe, Jim, 1951- (Author), Tzempelikos, Nektarios (Author)
Format Book
LanguageEnglish
Published London ; New York : Routledge, Taylor & Francis Group, 2026
EditionFifth edition
Subjects
ISBN978-1-003-86313-7
Physical Descriptionxiii, 542 stran : ilustrace, grafická znázornění ; 25 cm

Cover

LEADER 00000nam a2200000 i 4500
001 115626
003 CZ ZlUTB
005 20260511084644.0
007 ta
008 260511s2026 xxkad e p 001 0 eng d
020 |a 978-1-003-86313-7  |q (brožováno) 
040 |a ZLD002  |b cze  |e rda 
044 |a xxk  |a xxu 
072 7 |a 658  |x Řízení a správa podniku  |2 Konspekt  |9 4 
072 7 |a 37.016  |x Učební osnovy. Vyučovací předměty. Učebnice  |2 Konspekt  |9 22 
080 |a 658.849.2  |2 MRF 
080 |a 658.8:005  |2 MRF 
080 |a (075.8)  |2 MRF 
100 1 |a Zimmerman, Alan S.,  |d 1942-  |7 mzk2014850491  |4 aut 
245 1 0 |a Business to business marketing management :  |b a global perspective /  |c Alan Zimmerman, Jim Blythe and Nektarios Tzempelikos 
250 |a Fifth edition 
264 1 |a London ;  |a New York :  |b Routledge, Taylor & Francis Group,  |c 2026 
300 |a xiii, 542 stran :  |b ilustrace, grafická znázornění ;  |c 25 cm 
336 |a text  |b txt  |2 rdacontent 
337 |a bez média  |b n  |2 rdamedia 
338 |a svazek  |b nc  |2 rdacarrier 
504 |a Obsahuje bibliografie a rejstřík 
650 0 7 |a průmyslový marketing  |7 ph381212  |2 czenas 
650 0 7 |a marketingový management  |7 ph115229  |2 czenas 
650 0 9 |a industrial marketing  |2 eczenas 
650 0 9 |a marketing management  |2 eczenas 
655 7 |a učebnice vysokých škol  |7 fd133772  |2 czenas 
655 9 |a textbooks (higher)  |2 eczenas 
700 1 |a Blythe, Jim,  |d 1951-  |7 utb2014808263  |4 aut 
700 1 |a Tzempelikos, Nektarios  |4 aut 
710 2 |a Routledge (firma)  |7 xx0342426  |4 pbl 
710 2 |a Taylor & Francis  |7 kn20091109006  |4 pbl 
910 |a ZLD002 
928 9 |a Taylor & Francis Group 
942 |2 udc 
952 |0 0  |1 0  |4 0  |5 0  |6 339138ZIMMERMANAS  |7 -1  |8 BOOK  |9 191085  |a UTBZL  |b UTBZL  |c 005  |d 2026-05-11  |l 0  |o 339.138/ZIMMERMAN,A.S.  |p 420010202071  |r 2026-05-11 08:47:19  |v 1098.00  |w 2026-05-11  |x N:nákup  |y 01 
992 |a BK  |b SKNEW 
999 |c 115626  |d 115626